[Event "NED-ch Women 2018"]
[Site "Amsterdam"]
[Date "2018.07.03"]
[Round "1"]
[White "Peng, Zhaoqin"]
[Black "Hortensius, Lisa"]
[Result "1-0"]
[WhiteElo "2352"]
[BlackElo "2169"]
[Annotator "ChessBase"]
[PlyCount "111"]
[EventDate "2018.07.02"]
[EventType "tourn"]
[EventCountry "NED"]
[SourceTitle "playchess.com"]
[Source "ChessBase"]
[SourceQuality "1"]
[TimeControl "40/5400+30:1800+30"]

1. e4 {[%emt 0:00:00]} c5 {[%emt 0:00:02]} 2. Nf3 {[%emt 0:00:00]} e6 {[%emt 0:01:26]} 3. c4 {[%emt 0:00:14]} Nc6 {[%emt 0:03:07]} 4. Nc3 {[%emt 0:02:18]} Nf6 {[%emt 0:11:06]} 5. Be2 {[%emt 0:00:08]} Be7 {[%emt 0:05:27]} 6. d4 {[%emt 0:05:01]} cxd4 {[%emt 0:04:26]} 7. Nxd4 {[%emt 0:00:04]} Qc7 {[%emt 0:03:32]} 8. Ndb5 {[%emt 0:07:10]} Qb8 {[%emt 0:04:18]} 9. Be3 {[%emt 0:00:06]} a6 {[%emt 0:14:24]} 10. Nd4 {[%emt 0:00:04]} O-O {[%emt 0:04:06]} 11. O-O {[%emt 0:01:25]} d6 {[%emt 0:03:58]} 12. Rc1 {[%emt 0:21:49]} Ne5 {[%emt 0:07:19]} 13. f4 {[%emt 0:04:18]} Ned7 {[%emt 0:01:36]} 14. Bf3 {[%emt 0:07:18]} h6 {[%emt 0:06:05]} 15. g4 {[%emt 0:05:04]} Nh7 {[%emt 0:00:38]} 16. Bg2 {[%emt 0:04:41]} g5 {[%emt 0:07:08]} 17. h4 {[%emt 0:08:13]} Kg7 {[%emt 0:09:44]} 18. Qd2 {[%emt 0:06:04]} Rg8 {[%emt 0:01:21]} 19. Qf2 {[%emt 0:06:37]} gxh4 {[%emt 0:03:22]} 20. Kh1 {[%emt 0:01:25]} Qc7 {[%emt 0:02:39]} 21. Nf3 {[%emt 0:06:02]} Qd8 {[%emt 0:02:40]} 22. Rcd1 {[%emt 0:00:46]} Kh8 {[%emt 0:01:01]} 23. Bd4+ {[%emt 0:05:44]} Bf6 {[%emt 0:00:48]} 24. e5 {[%emt 0:01:07]} dxe5 {[%emt 0:00:24]} 25. Nxe5 {[%emt 0:00:03]} Nxe5 {[%emt 0:00:30]} 26. Bxe5 {[%emt 0:00:54]} Qf8 {[%emt 0:00:20]} 27. Qxh4 {[%emt 0:04:29]} Qg7 {[%emt 0:00:58]} 28. Bxf6 {[%emt 0:00:43]} Qxf6 {[%emt 0:00:36]} 29. Qh5 {[%emt 0:01:13]} Qg7 {[%emt 0:00:34]} 30. Bf3 {[%emt 0:00:40]} f6 {[%emt 0:00:38]} 31. Ne4 {[%emt 0:00:30]} Bd7 {[%emt 0:00:24]} 32. Nc5 {[%emt 0:00:47]} Bc6 {[%emt 0:00:36]} 33. Bxc6 {[%emt 0:00:56]} bxc6 {[%emt 0:00:03]} 34. Rg1 {[%emt 0:00:25]} e5 {[%emt 0:00:53]} 35. Rd7 {[%emt 0:00:21]} Qg6 {[%emt 0:00:46]} 36. fxe5 {[%emt 0:00:36]} Qxh5+ {[%emt 0:00:25]} 37. gxh5 {[%emt 0:00:02]} Rxg1+ {[%emt 0:00:27]} 38. Kxg1 {[%emt 0:00:01]} fxe5 {[%emt 0:00:08]} 39. Rd6 {[%emt 0:00:13]} Rb8 {[%emt 0:01:00]} 40. b3 {[%emt 0:00:35]} Rg8+ {[%emt 0:00:32]} 41. Kf2 {[%emt 0:31:34]} Rf8+ {[%emt 0:08:27]} 42. Ke3 {[%emt 0:00:00]} Nf6 {[%emt 0:02:43]} 43. Rxc6 {[%emt 0:00:00]} Kh7 {[%emt 0:11:26]} 44. Rxa6 {[%emt 0:00:00]} Nxh5 {[%emt 0:01:31]} 45. Nd7 {[%emt 0:00:00]} Re8 {[%emt 0:04:52]} 46. c5 {[%emt 0:00:00]} Kg7 {[%emt 0:01:08]} 47. c6 {[%emt 0:00:00]} Nf4 {[%emt 0:01:45]} 48. Ra5 {[%emt 0:00:00]} Ne6 {[%emt 0:01:27]} 49. Rxe5 {[%emt 0:00:00]} Kf7 {[%emt 0:00:29]} 50. Nb6 {[%emt 0:00:50]} Re7 {[%emt 0:00:54]} 51. Nd5 {[%emt 0:02:04]} Re8 {[%emt 0:00:41]} 52. a4 {[%emt 0:00:51]} Rc8 {[%emt 0:00:30]} 53. c7 {[%emt 0:00:54]} h5 {[%emt 0:00:33]} 54. Rxh5 {[%emt 0:01:05]} Kg6 {[%emt 0:00:35]} 55. Rh4 {[%emt 0:01:13]} Kf7 {[%emt 0:00:26]} 56. b4 {[%emt 0:00:22]} 1-0

[Event "NED-ch Women 2018"]
[Site "Amsterdam"]
[Date "2018.07.04"]
[Round "1"]
[White "Peng, Zhaoqin"]
[Black "Hortensius, Lisa"]
[Result "1-0"]
[WhiteElo "2352"]
[BlackElo "2169"]
[Annotator "TA"]
[PlyCount "111"]
[EventDate "2018.07.02"]
[EventType "tourn"]
[EventCountry "NED"]
[SourceTitle "playchess.com"]
[Source "ChessBase"]
[SourceQuality "1"]

{[%evp 12,111,19,14,58,45,43,45,45,45,47,47,46,35,56,64,140,94,89,79,100,72,143,90,224,112,152,72,94,56,125,78,141,119,202,187,211,197,276,235,186,190,274,291,275,158,154,144,125,72,156,158,169,129,230,212,223,213,237,152,157,155,239,226,295,297,302,309,384,387,411,420,426,412,406,393,403,470,464,457,618,610,598,576,525,611,843,818,697,510,782,778,844,804,837,801,2010,1943,12846,1912,2012,1715]} 1. e4 c5 2. Nf3 e6 3. c4 Nc6 4. Nc3 Nf6 5. Be2 Be7 6. d4 {A34: Symmetrical English: 2 Nc3, lines with ...d5} cxd4 7. Nxd4 {LiveBook: 16 Games} Qc7 (7... O-O 8. O-O d5 9. exd5 exd5 10. Nxc6 bxc6 11. cxd5 Nxd5 12. Nxd5 cxd5 13. Be3 Bf6 14. Bd4 Be6 15. Qd2 Bxd4 16. Qxd4 Qb6 17. Qxb6 axb6 {½-½ (39) Malakhov,V (2712)-Durarbayli,V (2576) Konya 2012}) 8. Ndb5 $146 {White is slightly better.} ({Predecessor:} 8. O-O O-O 9. b3 a6 10. Bb2 d6 11. Kh1 b6 12. Nxc6 Qxc6 13. Bd3 Bb7 14. Qe2 Rad8 15. Rae1 Rfe8 16. f3 Nd7 17. Bb1 Bh4 18. Rd1 Ne5 {1-0 (32) Galdin,V (2184)-Kostin,A (2412) Voronezh 2007}) 8... Qb8 9. Be3 a6 10. Nd4 O-O 11. O-O d6 12. Rc1 Ne5 13. f4 Ned7 (13... Nc6 $14) 14. Bf3 h6 15. g4 Nh7 16. Bg2 g5 (16... Re8 $142) 17. h4 (17. Qd2 $142) 17... Kg7 (17... Kh8 $16) 18. Qd2 ({White should play} 18. hxg5 $1 $18 hxg5 19. Qd2) 18... Rg8 {[#]} 19. Qf2 ({But not} 19. fxg5 hxg5 20. hxg5 (20. Qf2 Ne5 $11) 20... Ne5 $16) (19. Nd5 $142 $1 {[%cal Rd5e7]} exd5 20. Nf5+ (20. fxg5 Ne5 $15) (20. cxd5 Ndf6 $17) (20. hxg5 hxg5 21. Nf5+ Kf8 $11) 20... Kf8 21. Nxh6 (21. cxd5 gxh4 22. Nxh6 Rg6 $14) 21... gxh4 22. Nxg8 Kxg8 23. cxd5 (23. exd5 Ndf8 $14)) 19... gxh4 20. Kh1 Qc7 (20... Kh8 $14) 21. Nf3 {[%mdl 1024] White has strong compensation.} Qd8 (21... Kf8 $142) 22. Rcd1 Kh8 (22... Qe8 $16) 23. Bd4+ $18 Bf6 24. e5 dxe5 (24... h3 $142) 25. Nxe5 Nxe5 26. Bxe5 Qf8 (26... Qe7 $142 27. Qxh4 Rg7 28. Qxh6 Bxe5 29. fxe5 Rg6) 27. Qxh4 Qg7 28. Bxf6 ({White should try} 28. Qh2 $18) 28... Qxf6 $16 29. Qh5 Qg7 {[#]} 30. Bf3 (30. Qh2 $142 $1) 30... f6 ({Better is} 30... Bd7) 31. Ne4 $36 {[%mdl 2048] Black is under strong pressure.} Bd7 32. Nc5 Bc6 (32... Be8 $16 33. Qh3 (33. Nxe6 Bxh5 34. Nxg7 Bxg4 $16) 33... Bc6) 33. Bxc6 $18 bxc6 34. Rg1 ({Resist} 34. Nxe6 $6 Qxg4 35. Qxg4 Rxg4 $16) 34... e5 35. Rd7 Qg6 36. fxe5 {Threatens to win with Qxg6.} Qxh5+ (36... Ng5 $16) 37. gxh5 Rxg1+ 38. Kxg1 fxe5 $16 {[%mdl 4096] Endgame KRN-KRN} 39. Rd6 Rb8 40. b3 Rg8+ 41. Kf2 Rf8+ 42. Ke3 Nf6 43. Rxc6 Kh7 44. Rxa6 Nxh5 {White is clearly winning.} 45. Nd7 Re8 46. c5 {[%cal Bc4c5,Bc5c6][%mdl 32]} Kg7 47. c6 Nf4 48. Ra5 Ne6 49. Rxe5 Kf7 50. Nb6 Re7 (50... h5 $142 51. Kf2 Nc7) 51. Nd5 $18 Re8 52. a4 Rc8 {[#]} 53. c7 $1 h5 (53... Nxc7 54. Re7+) 54. Rxh5 Kg6 55. Rh4 Kf7 56. b4 {Precision: White = 51%, Black = 30%.} 1-0

[Event "NED-ch Women 2018"]
[Site "Amsterdam"]
[Date "2018.07.03"]
[Round "1"]
[White "Lanchava, Tea"]
[Black "Ratsma, Rosa"]
[Result "1-0"]
[WhiteElo "2297"]
[BlackElo "2265"]
[Annotator "ChessBase"]
[PlyCount "151"]
[EventDate "2018.07.02"]
[EventType "tourn"]
[EventCountry "NED"]
[SourceTitle "playchess.com"]
[Source "ChessBase"]
[SourceQuality "1"]
[TimeControl "40/5400+30:1800+30"]

1. c4 {[%emt 0:00:00]} Nf6 {[%emt 0:00:00]} 2. g3 {[%emt 0:00:11]} e6 {[%emt 0:00:35]} 3. Bg2 {[%emt 0:02:45]} d5 {[%emt 0:00:41]} 4. a3 {[%emt 0:07:01]} Be7 {[%emt 0:07:04]} 5. d3 {[%emt 0:02:50]} O-O {[%emt 0:03:17]} 6. Nd2 {[%emt 0:00:57]} c5 {[%emt 0:02:37]} 7. Ngf3 {[%emt 0:03:58]} Nc6 {[%emt 0:01:47]} 8. O-O {[%emt 0:01:14]} Re8 {[%emt 0:04:49]} 9. cxd5 {[%emt 0:06:39]} exd5 {[%emt 0:02:56]} 10. b3 {[%emt 0:01:12]} d4 {[%emt 0:07:06]} 11. Bb2 {[%emt 0:01:39]} Bf5 {[%emt 0:06:11]} 12. h3 {[%emt 0:02:06]} Qd7 {[%emt 0:06:32]} 13. Kh2 {[%emt 0:00:52]} Nd5 {[%emt 0:02:49]} 14. Rc1 {[%emt 0:00:50]} h5 {[%emt 0:06:16]} 15. Ne4 {[%emt 0:09:30]} h4 {[%emt 0:08:52]} 16. Nxh4 {[%emt 0:03:16]} Bxh4 {[%emt 0:09:48]} 17. Nxc5 {[%emt 0:02:36]} Qd6 {[%emt 0:09:55]} 18. Nxb7 {[%emt 0:04:59]} Qh6 {[%emt 0:04:05]} 19. Rc5 {[%emt 0:05:33]} Bc8 {[%emt 0:07:22]} 20. Bc1 {[%emt 0:10:31]} Qe6 {[%emt 0:01:52]} 21. Rxd5 {[%emt 0:01:57]} Bxb7 {[%emt 0:00:30]} 22. gxh4 {[%emt 0:02:06]} Ne7 {[%emt 0:04:25]} 23. Rg5 {[%emt 0:03:57]} Bxg2 {[%emt 0:00:05]} 24. Rxg2 {[%emt 0:00:11]} Nf5 {[%emt 0:00:26]} 25. e4 {[%emt 0:11:28]} dxe3 {[%emt 0:00:25]} 26. fxe3 {[%emt 0:00:07]} Nxh4 {[%emt 0:01:22]} 27. Rg4 {[%emt 0:01:05]} Ng6 {[%emt 0:00:38]} 28. d4 {[%emt 0:01:15]} Rac8 {[%emt 0:00:27]} 29. Qd3 {[%emt 0:02:17]} Qd6+ {[%emt 0:00:35]} 30. Rg3 {[%emt 0:00:08]} Rc7 {[%emt 0:00:52]} 31. b4 {[%emt 0:03:52]} Rec8 {[%emt 0:00:21]} 32. Bd2 {[%emt 0:00:17]} Rc2 {[%emt 0:00:26]} 33. Rf2 {[%emt 0:01:40]} Ne7 {[%emt 0:00:51]} 34. Qe4 {[%emt 0:02:06]} g6 {[%emt 0:00:27]} 35. Kg2 {[%emt 0:01:19]} Nd5 {[%emt 0:00:24]} 36. Qf3 {[%emt 0:00:17]} R8c7 {[%emt 0:00:36]} 37. e4 {[%emt 0:00:21]} Nc3 {[%emt 0:00:33]} 38. Bf4 {[%emt 0:00:32]} Rxf2+ {[%emt 0:00:29]} 39. Qxf2 {[%emt 0:00:19]} Qc6 {[%emt 0:00:30]} 40. Bxc7 {[%emt 0:00:44]} Nxe4 {[%emt 0:00:14]} 41. Qf3 {[%emt 0:31:10]} Qc2+ {[%emt 0:01:31]} 42. Kh1 {[%emt 0:00:00]} Qxc7 {[%emt 0:01:43]} 43. Rg1 {[%emt 0:00:00]} Nd2 {[%emt 0:03:46]} 44. Qg2 {[%emt 0:00:00]} Qf4 {[%emt 0:02:01]} 45. d5 {[%emt 0:00:00]} Ne4 {[%emt 0:01:27]} 46. Re1 {[%emt 0:00:00]} Ng3+ {[%emt 0:04:48]} 47. Kg1 {[%emt 0:00:00]} Nf5 {[%emt 0:00:48]} 48. Qf2 {[%emt 0:00:00]} Qc4 {[%emt 0:03:14]} 49. Qf3 {[%emt 0:00:00]} Qd4+ {[%emt 0:01:27]} 50. Kh2 {[%emt 0:00:00]} Qd2+ {[%emt 0:01:10]} 51. Qe2 {[%emt 0:00:00]} Qxd5 {[%emt 0:04:40]} 52. Qe5 {[%emt 0:00:00]} Qb3 {[%emt 0:01:50]} 53. Rc1 {[%emt 0:00:00]} Kh7 {[%emt 0:01:46]} 54. Rc3 {[%emt 0:00:00]} Qb2+ {[%emt 0:00:53]} 55. Kg1 {[%emt 0:00:00]} Nh4 {[%emt 0:04:23]} 56. Qg3 {[%emt 0:00:00]} Qa1+ {[%emt 0:01:28]} 57. Kf2 {[%emt 0:00:00]} Qb2+ {[%emt 0:00:47]} 58. Kf1 {[%emt 0:00:52]} Qb1+ {[%emt 0:01:18]} 59. Ke2 {[%emt 0:00:17]} Nf5 {[%emt 0:00:36]} 60. Qd3 {[%emt 0:00:16]} Qb2+ {[%emt 0:00:34]} 61. Kd1 {[%emt 0:00:08]} Qf2 {[%emt 0:00:35]} 62. Qd2 {[%emt 0:01:05]} Qf1+ {[%emt 0:00:27]} 63. Kc2 {[%emt 0:00:06]} Qa1 {[%emt 0:00:24]} 64. Kb3 {[%emt 0:00:17]} Qb1+ {[%emt 0:00:22]} 65. Ka4 {[%emt 0:00:14]} Qe4 {[%emt 0:00:31]} 66. Rc7 {[%emt 0:00:08]} Qe8+ {[%emt 0:00:26]} 67. Qd7 {[%emt 0:00:09]} Qe2 {[%emt 0:00:43]} 68. Qxf7+ {[%emt 0:00:10]} Kh6 {[%emt 0:00:06]} 69. Rxa7 {[%emt 0:01:15]} Qd1+ {[%emt 0:00:39]} 70. Ka5 {[%emt 0:00:23]} Qd8+ {[%emt 0:00:16]} 71. Qc7 {[%emt 0:00:06]} Qd5+ {[%emt 0:00:31]} 72. b5 {[%emt 0:00:13]} Qd2+ {[%emt 0:00:32]} 73. Ka6 {[%emt 0:00:12]} Qe3 {[%emt 0:00:56]} 74. a4 {[%emt 0:00:34]} Qe6+ {[%emt 0:00:22]} 75. Qc6 {[%emt 0:00:32]} Qb3 {[%emt 0:00:42]} 76. Qc1+ {[%emt 0:00:10]} 1-0

[Event "NED-ch Women 2018"]
[Site "Amsterdam"]
[Date "2018.07.04"]
[Round "1"]
[White "Lanchava, Tea"]
[Black "Ratsma, Rosa"]
[Result "1-0"]
[WhiteElo "2297"]
[BlackElo "2265"]
[Annotator "TA"]
[PlyCount "151"]
[EventDate "2018.07.02"]
[EventType "tourn"]
[EventCountry "NED"]
[SourceTitle "playchess.com"]
[Source "ChessBase"]
[SourceQuality "1"]

{[%evp 14,151,-37,-50,-31,-44,-42,-51,-54,-57,-19,-81,-74,-66,-80,-85,-58,-108,0,0,0,10,0,29,62,50,236,161,142,149,139,148,142,143,150,142,135,128,108,106,104,142,154,104,133,71,104,105,139,64,62,70,50,66,208,112,140,54,225,200,452,464,543,455,430,434,429,429,411,254,258,251,232,230,266,154,224,186,192,190,173,175,239,239,250,201,204,0,0,0,43,13,156,145,134,17,88,85,162,167,166,175,187,175,218,213,222,200,212,192,283,293,367,365,544,531,596,563,544,148,1072,1070,1035,1035,987,917,1081,978,1125,1102,1202,1202,1047,1083,1773,1734,1974,1941,2129,2172]} 1. c4 Nf6 2. g3 e6 3. Bg2 d5 4. a3 (4. Nf3 Be7 5. O-O O-O 6. b3 c5 7. cxd5 Nxd5 8. Nc3 Nc6 9. Nxd5 exd5 10. d4 Bf6 11. Bb2 Bg4 12. Ne5 Bxe5 13. dxe5 d4 14. Qc2 Qe7 15. f4 Rac8 16. Rae1 Nb4 {1-0 (49) Ding,L (2791)-Cheparinov,I (2702) China 2018}) 4... Be7 5. d3 $146 ({Predecessor:} 5. Nf3 O-O 6. cxd5 exd5 7. O-O Nc6 8. d3 Bf5 9. Qb3 Rb8 10. Rd1 Qc8 11. Nc3 Rd8 {1-0 (59) Graf,C (1701)-Diener,C (1778) Albena 2011}) 5... O-O 6. Nd2 {A15: English Opening: 1...Nf6} c5 7. Ngf3 Nc6 8. O-O {LiveBook: 9 Games. Black is slightly better.} Re8 9. cxd5 exd5 10. b3 d4 11. Bb2 Bf5 12. h3 (12. Rc1 $11) 12... Qd7 $17 13. Kh2 Nd5 14. Rc1 {[%cal Ba1c1,Bc1c5,Bc5d5][%mdl 32]} h5 15. Ne4 h4 ({Better is} 15... b6 $17 16. Qc2 h4 $1 {[%mdl 512]}) 16. Nxh4 $11 (16. Nxc5 $2 hxg3+ 17. fxg3 Bxc5 $19) 16... Bxh4 17. Nxc5 Qd6 $1 18. Nxb7 Qh6 19. Rc5 $1 $36 {[%cal Rc5d5][%mdl 2048] White is pushing.} Bc8 $2 (19... Nce7 $14) 20. Bc1 (20. Bxd5 Bxg3+ 21. fxg3 Qxh3+ 22. Kg1 Qxg3+ 23. Kh1 Qh3+ 24. Kg1 Qg3+ 25. Kh1 Qh3+ 26. Kg1 Qg3+ $11) (20. gxh4 Nde7 $11) 20... Qe6 21. Rxd5 (21. gxh4 Nce7 $15) (21. Bxd5 $6 Qxh3+ 22. Kg1 Bxb7 $14) 21... Bxb7 22. gxh4 Ne7 23. Rg5 Bxg2 24. Rxg2 Nf5 25. e4 dxe3 26. fxe3 Nxh4 27. Rg4 Ng6 28. d4 Rac8 29. Qd3 ({White should play} 29. Bd2 $1) 29... Qd6+ 30. Rg3 $1 (30. Kg1 $2 Ne5 $1 $19 {[%mdl 512]}) 30... Rc7 31. b4 (31. e4 $16) 31... Rec8 $14 {Threatens to win with ...Rc3.} 32. Bd2 Rc2 {aiming for ...Ra2.} 33. Rf2 Ne7 (33... R8c7 $14) 34. Qe4 (34. h4 $18) 34... g6 35. Kg2 (35. h4 $16) 35... Nd5 $2 (35... Ra2 $14) 36. Qf3 R8c7 $2 (36... Nf6 37. Rg5 (37. Qxf6 Qxf6 38. Rxf6 Rxd2+ 39. Kf3 Rd3 $18) 37... Qc6) 37. e4 $18 Nc3 38. Bf4 (38. Bxc3 R2xc3 39. Qf4 (39. Qxc3 Rxc3 40. Rxc3 Qxd4 $11) 39... Qxd4 $16) 38... Rxf2+ 39. Qxf2 (39. Kxf2 Qxd4+ 40. Kg2 Rc4 $11) 39... Qc6 40. Bxc7 Nxe4 41. Qf3 Qc2+ 42. Kh1 {Hoping for Rg2.} Qxc7 {[%mdl 4096] Endgame KQR-KQN} 43. Rg1 (43. Qxe4 $6 Qxg3 44. Qe8+ Kh7 $14) 43... Nd2 44. Qg2 (44. Qd5 $1 $18 {Rxg6+ is the strong threat.} Qc2 45. Re1) 44... Qf4 (44... Qc3 $16 45. Rd1 Nc4) 45. d5 Ne4 46. Re1 Ng3+ 47. Kg1 Nf5 (47... Nh5 {might work better.} 48. Qg4 Qd2 49. Qc8+ Kh7) 48. Qf2 Qc4 49. Qf3 (49. Qxa7 Qxd5 50. Rf1 Nd4) 49... Qd4+ 50. Kh2 $2 (50. Kh1 $18) 50... Qd2+ $1 $11 51. Qe2 $1 {[%cal Re2d2]} ({But not} 51. Re2 $2 Nd4 $19) 51... Qxd5 52. Qe5 Qb3 (52... Qa2+ $11 53. Re2 Qxa3) 53. Rc1 $1 $16 {[%cal Rc1c8] White threatens Rc8+ and mate.} Kh7 54. Rc3 (54. Rc8 $16 {[%csl Gc8][%cal Re5h8]} Qa2+ 55. Kg1 Qb1+ 56. Kh2 Qa2+ 57. Kg1 Qb1+ 58. Kg2 Nh4+ 59. Kg3 (59. Kf2 Qa2+ 60. Ke3 Nf5+ 61. Kf3 Qb3+ 62. Qc3 Qd5+ 63. Ke2 Ng3+ 64. Ke3 Nf5+ 65. Kf2 Nd4 $16) 59... Nf5+ 60. Kf2 Qa2+ 61. Kf3 Qb3+ 62. Qc3 Qd5+ 63. Kf2) 54... Qb2+ {[#]} (54... Qd1 $1 $11 {keeps the balance.}) 55. Kg1 $1 Nh4 (55... Qd2 $16 {was worth a try.}) 56. Qg3 $18 Qa1+ 57. Kf2 Qb2+ 58. Kf1 Qb1+ {[#]} 59. Ke2 $1 Nf5 60. Qd3 Qb2+ 61. Kd1 Qf2 (61... Ng7 {was necessary.} 62. Rc7 Qa1+ 63. Kd2 Qb2+ 64. Rc2 (64. Kd1 Qa1+ 65. Kd2 Qb2+ 66. Rc2 Qe5 $16) 64... Qe5) 62. Qd2 Qf1+ 63. Kc2 Qa1 (63... Qa6 $142 64. Qd5 Qf6) 64. Kb3 Qb1+ 65. Ka4 Qe4 66. Rc7 $2 (66. Qd7 $18 {and White stays clearly on top.}) 66... Qe8+ $2 {[%mdl 8192]} (66... Nd4 $16 67. Rxf7+ Kg8) 67. Qd7 {White is clearly winning.} Qe2 68. Qxf7+ Kh6 69. Rxa7 Qd1+ 70. Ka5 Qd8+ 71. Qc7 Qd5+ 72. b5 Qd2+ 73. Ka6 Qe3 74. a4 Qe6+ 75. Qc6 Qb3 76. Qc1+ {Precision: White = 66%, Black = 33%.} 1-0

[Event "NED-ch Women 2018"]
[Site "Amsterdam"]
[Date "2018.07.03"]
[Round "1"]
[White "De Mie, Mariska de"]
[Black "Haast, Anne"]
[Result "0-1"]
[WhiteElo "2193"]
[BlackElo "2343"]
[Annotator "ChessBase"]
[PlyCount "90"]
[EventDate "2018.07.02"]
[EventType "tourn"]
[EventCountry "NED"]
[SourceTitle "playchess.com"]
[Source "ChessBase"]
[SourceQuality "1"]
[TimeControl "40/5400+30:1800+30"]

1. e4 {[%emt 0:00:00]} e5 {[%emt 0:00:00]} 2. Nf3 {[%emt 0:00:00]} Nc6 {[%emt 0:00:26]} 3. Bb5 {[%emt 0:00:03]} a6 {[%emt 0:03:05]} 4. Ba4 {[%emt 0:00:09]} Nf6 {[%emt 0:01:20]} 5. d3 {[%emt 0:00:15]} b5 {[%emt 0:05:53]} 6. Bb3 {[%emt 0:00:07]} Be7 {[%emt 0:01:06]} 7. a4 {[%emt 0:03:44]} Rb8 {[%emt 0:03:33]} 8. axb5 {[%emt 0:02:39]} axb5 {[%emt 0:00:10]} 9. Nc3 {[%emt 0:00:29]} d6 {[%emt 0:04:03]} 10. Nd5 {[%emt 0:07:23]} Nxd5 {[%emt 0:04:47]} 11. Bxd5 {[%emt 0:16:34]} Bd7 {[%emt 0:05:57]} 12. Ng5 {[%emt 0:16:15]} Bxg5 {[%emt 0:01:40]} 13. Qh5 {[%emt 0:00:07]} O-O {[%emt 0:01:21]} 14. Bxg5 {[%emt 0:00:54]} Qe8 {[%emt 0:00:49]} 15. O-O {[%emt 0:05:32]} Be6 {[%emt 0:04:17]} 16. Bxe6 {[%emt 0:22:39]} Qxe6 {[%emt 0:03:05]} 17. Be3 {[%emt 0:00:16]} f5 {[%emt 0:18:11]} 18. Qh3 {[%emt 0:03:42]} Rbe8 {[%emt 0:11:06]} 19. Ra6 {[%emt 0:05:24]} Nd8 {[%emt 0:04:52]} 20. Ra7 {[%emt 0:03:00]} f4 {[%emt 0:03:57]} 21. Qxe6+ {[%emt 0:00:25]} Nxe6 {[%emt 0:00:29]} 22. Bd2 {[%emt 0:00:09]} Rc8 {[%emt 0:01:45]} 23. f3 {[%emt 0:05:44]} Nd4 {[%emt 0:02:37]} 24. c3 {[%emt 0:04:35]} Nb3 {[%emt 0:00:39]} 25. Be1 {[%emt 0:00:27]} Nc1 {[%emt 0:01:22]} 26. Rb7 {[%emt 0:00:29]} Nxd3 {[%emt 0:02:06]} 27. Rxb5 {[%emt 0:00:04]} Rb8 {[%emt 0:00:18]} 28. Rxb8 {[%emt 0:01:04]} Rxb8 {[%emt 0:00:01]} 29. b4 {[%emt 0:00:28]} Ra8 {[%emt 0:00:55]} 30. g3 {[%emt 0:01:01]} g5 {[%emt 0:04:06]} 31. Bd2 {[%emt 0:00:57]} Ra2 {[%emt 0:03:06]} 32. Rd1 {[%emt 0:00:09]} Nb2 {[%emt 0:00:25]} 33. Rb1 {[%emt 0:00:20]} Nc4 {[%emt 0:03:03]} 34. Be1 {[%emt 0:00:15]} Kf7 {[%emt 0:00:46]} 35. Bf2 {[%emt 0:00:58]} Nd2 {[%emt 0:01:01]} 36. Rd1 {[%emt 0:00:01]} Nxf3+ {[%emt 0:00:26]} 37. Kg2 {[%emt 0:00:13]} Nd2 {[%emt 0:01:41]} 38. Re1 {[%emt 0:00:50]} Rc2 {[%emt 0:00:47]} 39. h4 {[%emt 0:00:40]} gxh4 {[%emt 0:01:05]} 40. gxf4 {[%emt 0:00:13]} exf4 {[%emt 0:00:40]} 41. e5 {[%emt 0:03:36]} h3+ {[%emt 0:12:50]} 42. Kxh3 {[%emt 0:01:45]} Nf3 {[%emt 0:00:19]} 43. e6+ {[%emt 0:04:33]} Ke7 {[%emt 0:00:28]} 44. Rf1 {[%emt 0:02:55]} Kxe6 {[%emt 0:00:59]} 45. Kg2 {[%emt 0:05:18]} Ne5 {[%emt 0:01:49]} 0-1

[Event "NED-ch Women 2018"]
[Site "Amsterdam"]
[Date "2018.07.04"]
[Round "1"]
[White "De Mie, Mariska de"]
[Black "Haast, Anne"]
[Result "0-1"]
[WhiteElo "2193"]
[BlackElo "2343"]
[Annotator "TA"]
[PlyCount "90"]
[EventDate "2018.07.02"]
[EventType "tourn"]
[EventCountry "NED"]
[SourceTitle "playchess.com"]
[Source "ChessBase"]
[SourceQuality "1"]

{[%evp 20,90,12,8,25,2,2,2,2,1,4,4,3,0,0,-4,7,0,18,0,36,-18,-6,-4,-8,0,0,0,0,0,0,0,0,-68,-66,-103,-102,-102,-102,-99,-112,-128,-118,-154,-157,-266,-256,-311,-306,-339,-209,-595,-570,-506,-604,-575,-587,-579,-556,-601,-397,-387,-394,-402,-393,-358,-387,-354,-317,-401,-427,-597,-587]} 1. e4 e5 2. Nf3 Nc6 3. Bb5 {[%cal Bf1b5,Bb5a4,Ba4b3,Bb3d5][%mdl 32]} a6 4. Ba4 Nf6 5. d3 b5 6. Bb3 Be7 7. a4 Rb8 8. axb5 {C77: Ruy Lopez: 3...a6 4 Ba4 Nf6, unusual lines} axb5 9. Nc3 (9. O-O O-O 10. c3 d5 11. exd5 Nxd5 12. Re1 Bf6 13. Nbd2 Nf4 14. Ne4 Qxd3 15. Bxf4 Qxd1 16. Raxd1 exf4 17. Bd5 Rb6 18. Nxf6+ gxf6 {½-½ (63) Hou,Y (2654)-Karpov,A (2623) Harbin 2018}) 9... d6 10. Nd5 Nxd5 11. Bxd5 {LiveBook: 3 Games} Bd7 12. Ng5 $146 ({Predecessor:} 12. c3 Bf6 13. g4 h6 14. Rg1 Ne7 15. Bb3 g5 {0-1 (65) Papp,G (2501)-Rogic,D (2475) Pula 2008}) 12... Bxg5 13. Qh5 $1 {[%csl Gd5,LRf7,LRg5][%cal Rh5f7]} O-O {Threatens to win with ...Bxc1.} 14. Bxg5 Qe8 15. O-O Be6 16. Bxe6 Qxe6 17. Be3 f5 18. Qh3 Rbe8 19. Ra6 Nd8 {[%cal Bc6d8,Bd8e6,Be6d4][%mdl 32]} 20. Ra7 (20. exf5 $14 Rxf5 21. Qg4) 20... f4 $11 {Hoping for ...Qxh3.} 21. Qxe6+ Nxe6 22. Bd2 Rc8 23. f3 Nd4 24. c3 Nb3 $36 {[%mdl 2048] Black has some pressure.} 25. Be1 Nc1 26. Rb7 (26. c4 $11) 26... Nxd3 $15 27. Rxb5 Rb8 28. Rxb8 Rxb8 $17 {[%mdl 4096] Endgame KRB-KRN} 29. b4 Ra8 30. g3 g5 31. Bd2 Ra2 32. Rd1 {[#]} (32. Be1 $17 {is the only way for White.}) 32... Nb2 $1 $19 {[%cal Rb2d1]} 33. Rb1 Nc4 34. Be1 Kf7 35. Bf2 $2 (35. g4 {was the crucial defense.}) 35... Nd2 36. Rd1 Nxf3+ 37. Kg2 Nd2 38. Re1 Rc2 39. h4 gxh4 40. gxf4 exf4 41. e5 {[#]} h3+ $1 42. Kxh3 Nf3 ({Don't do} 42... Rxc3+ 43. Kg4 $19) 43. e6+ Ke7 44. Rf1 Kxe6 45. Kg2 Ne5 {Precision: White = 34%, Black = 69%.} 0-1